000 00691nam a2200205 a 4500
001 000024262
005 20200930022846.0
008 110125s1980 xxuc r 001 0 spa d
020 _a0892131500
040 _aDO-SdBNP
_bspa
_cBNPHU
082 _axxxx
_bC569a
245 0 3 _aLa ciencia de la autorealización.
260 _aLos Ángeles, Estados Unidos :
_bBhaktivedanta Book trust,
_c1980.
300 _axx, 312 p. ;
_c22.5 cm.
500 _aEn la portada: Su divina gracia A. C. Bhaktivedanta Swami Prabhupáda.
500 _aEn la portada Toda la gloria a sri guru y gauránga.
500 _aIncluye índice alfabético.
500 _aIncluye glosario de términos.
049 _aBNGR
999 _c23756
_d23756